000 00809nam a22001937a 4500
999 _c217455
_d217455
008 201130b ||||| |||| 00| 0 eng d
040 _bger
_cDE-2950
_erda
_aDE-2950
041 _ager
100 _aMatschkowiak, René:
245 _aKlangvoller Musiksommer in Frankfurt und Slubice.
_bKultur: Eine neue Konzertreihe soll Parkanlagen in der Doppelstadt in diesem Sommer in Freilichtbühnen verwandeln. Jetzt wurde das Programm vorgestellt /
_cRené Matschkowiak
653 _aFrankfurt (Oder)
653 _aStaatsorchester
653 _aSommerspielplan
773 _dFrankfurt (Oder): Märkisches Verlags- und Druckhaus GmbH & Co KG
_g32. Jahrgang (2021) Nr. 145 vom 25.06.2021, S.13 : Foto
_tMärkische Oderzeitung
942 _cA